<Das> Aussenhandelsmonopol als eine historisch begrenzte Form der staatlichen Regulierung des Aussenhandels.

Úloha štátu v zahraničnom obchode v rôznych spoločenských vývojových etapách od prvotnopospolnej spoločnosti k triednym spoločnostiam. Zdokonaľovanie zahraničnoobchodného monopolu v 70. a 80. rokoch v NDR. V trhových podmienkach dochádza k rozpusteniu štátneho monopolu a prechodu k regulácii zahrani...

Ausführliche Beschreibung

Gespeichert in:
Bibliographische Detailangaben
1. Verfasser: Grote, G.
Weitere Verfasser: Schulmeister, D.
Format: Buchkapitel
Sprache:Deutsch
Schlagworte:
Tags: Tag hinzufügen
Keine Tags, Fügen Sie das erste Tag hinzu!

MARC

LEADER 00000naa a2200000 4500
001 r001893
005 20240618122425.5
041 0 |a ger 
044 |a DE 
245 1 0 |a <Das> Aussenhandelsmonopol als eine historisch begrenzte Form der staatlichen Regulierung des Aussenhandels.  |c G. Grote, D. Schulmeister 
520 |a Úloha štátu v zahraničnom obchode v rôznych spoločenských vývojových etapách od prvotnopospolnej spoločnosti k triednym spoločnostiam. Zdokonaľovanie zahraničnoobchodného monopolu v 70. a 80. rokoch v NDR. V trhových podmienkach dochádza k rozpusteniu štátneho monopolu a prechodu k regulácii zahraničného obchodu. 
610 2 0 |a obchod zahraničný 
610 2 0 |a NDR 
610 2 0 |a monopoly 
610 2 0 |a mechanizmus trhový 
610 2 0 |a štát 
100 1 |a Grote, G. 
700 1 |a Schulmeister, D.